000 00599nam a2200217 a 4500
001 BRCA_7416
005 20190320205828.0
008 040413s1910----gw-a######---#000-0#ger-#
041 _ager
044 _agw
050 4 _aPT2635
_b.R63 1910
100 1 _aRoda Roda, Alexander Friedrich Ladislaus
_d1872-
_917808
245 1 0 _aDer witz des auslandes
_cRoda Roda & Theodor Etzel.
260 _aBerlĂ­n
_bSchuster & Loeffler
_cc1910
300 _a304 p.
_bil.
500 _aQ151
650 1 4 _aLiteratura Alemana
_96160
700 1 _aEtzel, Theodor
_ecoaut.
_918283
902 _aGFM
942 _2lcc
_cB
999 _c7092
_d7092